Responses for Show #5073 - Wednesday, October 4, 2006

2006 Back to School Week game 3.

Contestants

[<< previous game]

Michela Rodriguez, from Poway, California

Tom Cilla, from Kings Park, New York

William Carpenter, from Bainbridge Island, Washington

[next game >>]

Jeopardy! Round responses

YOU'RE HISTORY!
PLAY THIS
COOKING CLASS
ADVENTUROUS TOURISM
POTPOURRI
MATH
(Alex: And finally, [gasp], the dreaded [*] category.)
    $200 1
(Alex: 6 wives... lopped off some of their heads.)

King Henry VIII

Triple Stumper
    $200 6
Tony Hawk

Tom
    $200 17
potatoes

Michela
    $200 26
Mount Everest

William
    $200 16
(Alex: And what's one of Elmo's favorite foods?)

a pizzeria

Triple Stumper
    $200 10
98

Michela
    $400 2
Susan B. Anthony

Triple Stumper
    $400 7
King Kong

William
    $400 18
its tail

William
    $400 27
[The end-of-round signal sounds.]

a volcano

Michela
    $400 22
(William: What is [*]: The Wolf's... the...)
(Alex: That's all right. Th--Stop right there. Don't embellish. Go again.)

the Three Little Pigs

William
    $400 11
(Alex: Tough doing it in your head.)

37

Triple Stumper
    $600 3
Julius Caesar

Triple Stumper
    $600 8
Luigi

Michela
    $600 19
cranberries

Michela
    $600 23
the Girl Scouts

Michela
    $600 12
59

William
    $250 4
Alexander Graham Bell

William
    $800 9
Final Fantasy

Triple Stumper
    $800 20
tuna

Michela
    $800 24
peacocks

Michela
    $800 14
102

Michela
    $1000 5
President Eisenhower

Triple Stumper
    $1000 13
Dance Dance Revolution

Michela
    $1000 21
pancakes

Michela
    $1000 25
the Amazons

William
    $1000 15
15

Triple Stumper

Scores at the first commercial break (after clue 10):

William Tom Michela
$650 $200 $800

Scores at the end of the Jeopardy! Round:

William Tom Michela
$3,250 $200 $7,000

Double Jeopardy! Round responses

LITERARY CLASSICS
SPORTS ZONE
CLASS FIELD TRIP
WORLD LEADERS
-OLOGIES
STARTS WITH "J"
    $400 5
Robinson Crusoe

Triple Stumper
    $400 4
archery

Michela
    $400 13
a planetarium

William
    $400 12
Canada

Michela
    $400 2
astrology

William
    $400 8
a joystick

William
    $800 6
Gulliver

Triple Stumper
    $800 10
Mia Hamm

William
    $800 14
rose

Triple Stumper
    $800 27
(William: What is Kenya?)

South Africa

William
Triple Stumper
    $800 3
(William: What are suburbs?)

cities

WilliamTom
    $800 9
jaywalk

Tom
    $1200 19
Becky

William
    $1200 1
traveling

William
    $1200 15
birds

William
    $1200 28
Germany

William
    $1200 7
biology

Triple Stumper
    $1200 11
jousting

Tom
    $1600 24
(Alex: And the work was called The House of Seven [*].)

gables

Triple Stumper
    $1600 17
NASCAR

Tom
    $1600 16
yeast

Tom
    $700 29
[The end-of-round signal sounds.]

China

William
    $1600 21
a joint

Triple Stumper
    $1600 23
jade

Michela
    $2000 26
1984

Triple Stumper
    $2000 18
(Tom: What is the U.S. Open?)
(William: What is the PGA Tour?)

the Masters

WilliamTom
Triple Stumper
    $500 20
dioramas

William
    $2000 22
(Alex: And that's because gerontology is the study of people like me--[*].)

old dudes

Triple Stumper
    $2000 25
(Michela: What is Jamaica?)
(William: What is Rhode Island?)

Jersey

WilliamMichela
Triple Stumper

Scores at the end of the Double Jeopardy! Round:

William Tom Michela
$5,650 $4,200 $7,400

[wagering suggestions for these scores]

Final Jeopardy! Round responses

THE SPACE SHUTTLE
(Alex: The third state, and it happened only once in 1982, was [***].)
TomWhat is florida Houston
$1,460
WilliamWhat is California & Florida
$900
MichelaWhat are CA + Texas
$500
(2 of) Florida, California & New Mexico

Final scores:

William Tom Michela
$6,550 $2,740 $6,900
2nd place: $2,000 3rd place: $1,000 Winner: $10,000

Game dynamics:

Coryat scores:

William Tom Michela
$8,600 $4,200 $7,400
17 R
(including 3 DDs),
4 W
6 R,
1 W
14 R,
1 W

Combined Coryat: $20,200

[game clues] [game scores] [suggest correction]

Game tape date: 2006-08-30
The J! Archive is created by fans, for fans. Scraping, republication, monetization, and malicious use prohibited; this site may use cookies and collect identifying information. See terms. The Jeopardy! game show and all elements thereof, including but not limited to copyright and trademark thereto, are the property of Jeopardy Productions, Inc. and are protected under law. This website is not affiliated with, sponsored by, or operated by Jeopardy Productions, Inc. Join the discussion at JBoard.tv.